000 00827nam a2200253Ia 4500
003 OSt
005 20221005103314.0
006 a|||||r|||| 00| 0
007 ta
008 221004b |||||||| |||| 00| 0 hin d
024 _a23507
037 _cTextual
040 _aCRL
_cCRL
_bhin
041 _2hin
_ahin
082 _aO152,1NBIx, N8
100 _aबीकानेरी, अल्हड़
245 0 _aठाठ ग़ज़ल के
246 _aṬhāṭh ग़ज़l ke
260 _aग़ाज़ियाबाद
_bअनुभव प्रकाशन भारत
_c1988
300 _a88पृ0
_ccm.
650 _aहिन्दी साहित्य
942 _hO152,1NBIx, N8
_cTEXL
_2cc
999 _c1009813
_d1009813